000 00262nam a2200109Ia 4500
008 220204s9999 xx 000 0 und d
082 _a929A/Z(WAY)
_bCAR
100 _aCarpozi, George
245 0 _aJohn Wayne story
260 _aNew York
_bDell
_c1972
942 _cBK
999 _c35123
_d35123